Nemocenské dávky

Nemocenské dávky sa poskytujú z nemocenského poistenia, a to fyzickým osobám, ktoré sú nemocensky poistené. Takýmito osobami sú zamestnanec s pravidelným príjmom (od 1. januára 2013 aj tzv. "dohodári"), povinne nemocensky poistená samostatne zárobkovo činná osoba a dobrovoľne nemocensky poistená oso...

ver descrição completa

Na minha lista:
Detalhes bibliográficos
Autor principal: Mozolová Hulanská, Dalma
Formato: Capítulo de Livro
Idioma:eslovaco
Assuntos:
Tags: Adicionar Tag
Sem tags, seja o primeiro a adicionar uma tag!

MARC

LEADER 00000nla a2200000 4500
001 0168270
005 20241204120118.7
041 0 |a slo 
044 |a SK 
245 1 0 |a Nemocenské dávky  |c Dalma Mozolová Hulanská 
520 |a Nemocenské dávky sa poskytujú z nemocenského poistenia, a to fyzickým osobám, ktoré sú nemocensky poistené. Takýmito osobami sú zamestnanec s pravidelným príjmom (od 1. januára 2013 aj tzv. "dohodári"), povinne nemocensky poistená samostatne zárobkovo činná osoba a dobrovoľne nemocensky poistená osoba. 
610 2 0 |a zabezpečenie sociálne 
610 2 0 |a poistenie nemocenské 
610 2 0 |a zabezpečenie nemocenské 
610 2 0 |a dávky poistenia nemocenského 
610 2 0 |a poisťovne sociálne 
610 2 0 |a osoby fyzické 
100 1 |a Mozolová Hulanská, Dalma